Pathway of glucose catabolism by strain VeGlc2, an anaerobe belonging to the verrucomicrobiales lineage of bacterial descent /

保存先:
書誌詳細
第一著者: Janssen, Peter H.
フォーマット: 論文
言語:English
主題:
タグ: タグ追加
タグなし, このレコードへの初めてのタグを付けませんか!
Thư viện lưu trữ: Thư viện Trường Đại học Đà Lạt
LEADER 00948nam a2200313 4500
001 DLU090091997
005 ##20091201
040 # # |a DLU  |b eng 
041 # # |a eng 
044 # # |a us 
100 # # |a Janssen, Peter H. 
245 # # |a Pathway of glucose catabolism by strain VeGlc2, an anaerobe belonging to the verrucomicrobiales lineage of bacterial descent /  |c Peter H. Janssen. 
653 # # |a Anaerobiosis 
653 # # |a Bacteria 
653 # # |a Catabolism 
653 # # |a Enzyme 
653 # # |a Glucose 
653 # # |a Metabolic pathway 
653 # # |a Transferases 
773 # # |t Applied and Environmental Microbiology  |g Vol. 64, no. 12 (December 1998), p. 4830-4833 
920 # # |a Phòng Tạp chí -- Trung tâm Thông tin - Thư viện Trường Đại học Đà Lạt 
994 # # |a DLU 
900 # # |a True 
911 # # |a Trương Bảo Trâm Anh 
925 # # |a G 
926 # # |a A 
927 # # |a BB 
980 # # |a Thư viện Trường Đại học Đà Lạt